| 000 | 00710nam a22002177a 4500 | ||
|---|---|---|---|
| 003 | UA-OsUOA | ||
| 001 | 47968 | ||
| 007 | ta | ||
| 008 | 20121112b un ||||| |||| 00| 0 ukr d | ||
| 090 |
_a061 _bФ94 |
||
| 942 | _cBK | ||
| 040 |
_aUA-OsUOA _bukr _cUA-OsUOA _dUA-OsUOA |
||
| 245 | _aФундація Омеляна і Тетяни Антоновичів. Штрихи до історії Фундації. Виступи і лекції лавреатів нагород Антоновичів (1982-1998) | ||
| 300 | _a200 с.; іл. с. | ||
| 955 | _a4 | ||
| 041 | _aukr | ||
| 080 | _a061 | ||
| 260 |
_aК.; Вашінгтон _c1999 |
||
| 650 | 7 |
_a0 Загальний відділ. _2UDC |
|
| 999 |
_c428070 _d428070 |
||